Q methology

Αποθηκεύτηκε σε:
Λεπτομέρειες βιβλιογραφικής εγγραφής
Κύριος συγγραφέας: McKeown, Bruce
Άλλοι συγγραφείς: Thomas, Dan
Μορφή: Βιβλίο
Γλώσσα:English
Δημοσίευση: Newbury Park : Sage Publications, c1988
Σειρά:Sage university papers series. Quantitative applications in the social sciences ; ; 66
Θέματα:
Ετικέτες: Προσθήκη ετικέτας
Δεν υπάρχουν, Καταχωρήστε ετικέτα πρώτοι!

MARC

LEADER 00000nam a2200000 i 4500
001 1/18360
008 981015s1988 eng d
020 |a 0-8039-2753-3 
035 |l 10020887 
040 |a GR-MY-UA  |b gre  |e aacr 
041 0 |a eng 
082 0 |a 300.15195 
100 1 |a McKeown, Bruce. 
245 1 0 |a Q methology /  |c Bruce McKeown, Dan Thomas 
260 |a Newbury Park :   |b Sage Publications,   |c c1988 
300 |a 83 p. 
490 1 |a Sage university papers series. Quantitative applications in the social sciences  |v ; 66 
504 |a Bibliography: p.77-82 
650 0 0 |a Social sciences  |x Statistical methods. 
700 1 |a Thomas, Dan. 
830 0 |a Sage university papers series. Quantitative applications in the social sciences ;  |v ; 66 
852 |a INST  |b LESVOS  |e 19981015  |h 300.15195 MCK  |p 005100018433  |q 005100018433  |t BK  |y 0 
901 |a BIBL-1999-1 
909 |a Λ  |b 059650 
922 |a 1ΕΛΗ  |b 199809  |c ΚΠΣ/ΤΓ  |d ΠΑΠΑΣΩΤΗΡΙΟΥ 
950 |a 118-1998-07-23